| 000 | 00599nam a2200193Ia 4500 | ||
|---|---|---|---|
| 005 | 20250508150644.0 | ||
| 008 | 008 250505s9999 xx 000 0 eng d | ||
| 037 | _aTextual | ||
| 040 |
_aFEDL _beng _cFEDL |
||
| 041 |
_aeng _2eng |
||
| 084 |
_a152.8, SCH _qFEDL |
||
| 100 |
_aSchafer Roy _9456116 |
||
| 245 | 0 | _aClinical application of psychological tests : Diagnostic summaries and case studies | |
| 260 |
_aNew York, USA _bInternational Universities Press _c1948 |
||
| 300 | _a346p. | ||
| 650 |
_aPsychometry _9441581 |
||
| 942 |
_cTEXL _h152.8, SCH |
||
| 999 |
_c1324847 _d1324847 |
||